1001 1269 1335 1463 1150 1876 1328 1906 1280 1387 1492 1662 1152 1738 1199 1532 1792 1055 1993 1940 1159 1843 1693 1534 1480 1208 1896 1266 1377 1591 1924 1778 1924 1843 1351 1059 1598 1999 1650 1265 1454 1102 1343 1396 1373 1298 1109 1012 1910 1950 1637 1771 1911 1527 1302 1691 1265 1104 1162 1328 1489 1832 1702 1631 1698 1872 1589 1570 1412 1060 1889 1470 1545 1762 1076 1241 1717 1162 1917 1030 1374 1950 1545 1462 1617 1672 1273 1660 1717 1525 1512 1357 1840 1649 1314 1371 1582 1651 1842 BCNSPRNW ULIB Ver.6.0+V

เปลี่ยนเป็นภาษาไทย

Change to English
 แสดงรายละเอียดบรรณานุกรม
  กลับหน้าหลัก

Brief Record : Get Marc (ISO 2709) : E-mail record : QR code < ปิดหน้าต่าง
LEADER : 00000nam 2200000uu 4500
001    13399120580
003     ULIB
008    120927s2551||||th 000 0 tha d
020    ^a9749143043
060 04 ^aWY100^bฟ51ป
100 0  ^aฟาริดา อิบราฮิม
245 10 ^aปฏิบัติการพยาบาลตามกรอบทฤษฎีการพยาบาล /^cฟาริดา อิบราฮิม
250    ^aพิมพ์ครั้งที่ 5
260    ^aกรุงเทพฯ :^bคณะพยาบาลศาสตร์ มหาวิทยาลัยมหิดล,^c2551
300    ^a446, [2] หน้า ;^c30 ซม.
650  7 ^aการพยาบาล
650  7 ^aทฤษฎีการพยาบาล
650  7 ^aการพยาบาล, ทฤษฎี
710 2  ^aมหาวิทยาลัยมหิดล. ^bคณะพยาบาลศาสตร์
945    ^p0^l0^i15176
995    ^aกัณชพร
999 ^a ใช้งานได้ทุกระบบ
รายการนี้ยังไม่มีแท็ก
คุณยังไม่ได้ล็อกอิน คุณสามารถมีกิจกรรมร่วมกับเว็บไซต์ได้ แต่ต้องล็อกอินก่อน ::
  ล็อกอิน

รายการสื่อสารสนเทศ

ลำดับที่ ประเภท เลขเรียก/บาร์โค้ด สถานที่ สถานะ
1. วิทยาศาสตร์การแพทย์ และสุขภาพ
วิทยาศาสตร์การแพทย์ และสุขภาพ
WY100 ฟ51ป  
  Barcode: 15176
ห้องสมุดวิทยาเขตสวรรค์ประชารักษ์
►หนังสือทั่วไป
บนชั้น

รายการใกล้เคียง
    ผู้แต่ง [ฟาริดา อิบราฮิม]

    หัวเรื่อง [การพยาบาล]
    หัวเรื่อง [ทฤษฎีการพยาบาล]
    หัวเรื่อง [การพยาบาล, ทฤษฎี]

BibComment


ยังไม่เคยถูกคอมเมนท์

คอมเมนท์ทรัพยากรรายการนี้
  คอมเมนท์: ปฏิบัติการพยาบาล..


 Copyright 2026. Bcnsprnw @Library